|
|
|
|
| LEADER |
00918nam a2200229 a 4500 |
| 001 |
474912 |
| 008 |
090722s1998 nyu 000 0 eng d |
| 010 |
|
|
|a 52009771
|
| 020 |
|
|
|a 8187075171
|
| 082 |
0 |
0 |
|a 833/.912
|2 21
|
| 100 |
1 |
|
|a Kafka, Franz,
|d 1883-1924
|
| 245 |
1 |
0 |
|a Selected short stories Franz Kafka /
|c translated by Willa and Edwin Muir.
|
| 260 |
|
|
|a New York :
|b Modern Library ;
|a New Delhi
|b Srishti publishers and distributors,
|c 1998
|
| 300 |
|
|
|a 277 p. ;
|c 19 cm
|
| 490 |
0 |
|
|a Modern Classics
|
| 541 |
1 |
|
|e 00010083
|
| 600 |
1 |
0 |
|a Kafka, Franz,
|d 1883-1924
|
| 700 |
1 |
|
|a Willa.
|
| 700 |
1 |
|
|a Edwin Muir.
|
| 852 |
4 |
|
|a Ayesha Abed Library
|j General shelf.
|
| 999 |
|
|
|c 2704
|d 2704
|
| 952 |
|
|
|0 0
|1 0
|2 ddc
|4 0
|6 833_912000000000000_KAF_1999
|7 0
|9 2483
|a BRACUL
|b BRACUL
|c GEN
|d 2009-07-22
|g 0.00
|l 50
|m 287
|o 833.912 KAF
|p 3010010083
|q 2026-06-02
|r 2026-04-26
|s 2026-04-26
|t 1
|w 2009-07-22
|y BK
|x No price found in the accession register.
|